Personagens de Game of Thrones - A - Z - Statistics

Estatísticas Gerais
  • Esse quiz foi jogado 144 vezes
  • A pontuação média é 11 de 25
Estatísticas das Respostas
PERSONAGENS % Correto
A AERON GREYJOY | AERYS TARGARYEN | ALLISER THORNE | ALTON LANNISTER | ALYS KARSTARK | ARYA STARK | ASH
94%
J JAIME LANNISTER | JAQEN H’GHAR | JEOR MORMONT | JOFFREY BARATHEON | JOJEN REED | JON ARRYN | JON SNOW | JORAH MORMONT
90%
C CATELYN STARK | CERSEI LANNISTER | CRASTER
82%
S SAMWELL TARLY | SANDOR CLEGANE | SANSA STARK | SHAE | STANNIS BARATHEON | SYRIO FOREL
82%
T THEON GREYJOY | THOROS OF MYR | TOMMEN BARATHEON | TORMUND GIANTSBANE | TYRION LANNISTER | TYWIN LANNISTER
77%
D DAARIO NAHARIS | DAENERYS TARGARYEN | DAVOS SEAWORTH | DICKON TARLY | DORAN MARTELL
74%
B BALON GREYJOY | BARRISTAN SELMY | BENJEN STARK | BERIC DONDARRION | BRAN STARK | BRIENNE OF TARTH | BRONN
73%
R RAMSAY BOLTON | RENLY BARATHEON | RHAEGAR TARGARYEN | RICKON STARK | ROBB STARK | ROBERT BARATHEON | ROBIN ARRYN | ROOSE BOLTON
69%
N NED STARK | NYMERIA SAND
61%
M MACE TYRELL | MANCE RAYDER | MARGAERY TYRELL | MEERA REED | MELISANDRE | MERYN TRANT | MIRRI MAZ DUUR | MISSANDEI | MYRANDA | MYRCELLA BARATHEON
50%
O OBARA SAND | OBERYN MARTELL | OLENNA TYRELL | OLLY | OSHA
45%
V VARYS | VERME CINZENTO | VISERYS TARGARYEN
43%
G GENDRY | GILLY | GREGOR CLEGANE
34%
Y YARA GREYJOY | YGRITTE | YOREN
34%
L LANCEL LANNISTER | LORAS TYRELL | LYANNA MORMONT | LYANNA STARK | LYSA ARRYN
33%
K KEVAN LANNISTER | KHAL DROGO
31%
P PETYR BAELISH | PODRICK PAYNE | POLLIVER
27%
E EDMURE TULLY | ELLARIA SAND | EURON GREYJOY
24%
H HODOR | HOWLAND REED
24%
W WALDA BOLTON | WALDER FREY | WHITE WALKER | WUN WUN | WYLLIS
14%
Q QHONO | QUAITHE | QYBURN
13%
I ILLYRIO MOPATIS | ILYN PAYNE | IRRI
11%
X XARO XHOAN DAXOS | XELA
5%
F FARLEN | FERGUS | FRANCES
2%
Z ZANRUSH
2%
Nenhum quiz correspondente encontrado
Distribuição das Pontuações
Porcentagem de Pessoas com Cada Pontuação
Percentil de Números Respondidos
Sua Pontuação Histórica
Você não jogou esse quiz